[Event "Open Marianske Lazne 2015 - C - open"]
[Site "Marianske Lazne CZE"]
[Date "2015.01.19"]
[Round "3.17"]
[White "Brunova, Blanka"]
[Black "Kirsanova, Ekaterina"]
[Result "0-1"]
[WhiteElo "1719"]
[BlackElo "2129"]
[PlyCount "54"]
[EventDate "2015.01.17"]
[EventType "swiss"]
[EventRounds "9"]
[EventCountry "CZE"]
[Source "lmi"]
[SourceDate "2015.01.17"]

1. e4 e6 2. d4 d5 3. Nc3 Nf6 4. e5 Nfd7 5. Bd3 c5 6. Be3 cxd4 7. Bxd4 Nc6 8.
Bb5 a6 9. Bxc6 bxc6 10. f4 a5 11. Nge2 Be7 12. O-O c5 13. Bf2 O-O 14. Bg3 f5
15. exf6 Nxf6 16. Nc1 d4 17. N3e2 Qd5 18. c3 Bb7 19. Rf2 Ng4 20. Rf3 Qh5 21.
Rd3 Ne3 22. Qb3 Bd5 23. Qb6 Rab8 24. Qxa5 Nxg2 25. cxd4 c4 26. Rd1 Ne3 27. Qe1
Qf3 0-1

[Event "Open Marianske Lazne 2015 - C - open"]
[Site "Marianske Lazne CZE"]
[Date "2015.01.19"]
[Round "3.18"]
[White "Paldus, Petr"]
[Black "Ruzicka, Tomas"]
[Result "1-0"]
[WhiteElo "2016"]
[BlackElo "1764"]
[PlyCount "67"]
[EventDate "2015.01.17"]
[EventType "swiss"]
[EventRounds "9"]
[EventCountry "CZE"]
[Source "lmi"]
[SourceDate "2015.01.17"]

1. e4 e5 2. Nf3 Nf6 3. Nxe5 d6 4. Nf3 Nxe4 5. Qe2 Qe7 6. d3 Nc5 7. b4 Ne6 8.
Bb2 Bd7 9. Nc3 Nc6 10. Nd5 Qd8 11. g3 Ne7 12. c4 c6 13. Ne3 Qb6 14. Qd2 d5 15.
c5 Qd8 16. Bg2 Ng6 17. h4 b6 18. h5 Ne7 19. h6 Ng6 20. Nf5 Rg8 21. hxg7 Nxg7
22. Nh6 Rh8 23. Qe3+ Qe7 24. O-O Qxe3 25. fxe3 Be6 26. Ng5 bxc5 27. bxc5 Rb8
28. Bd4 Rb7 29. Rab1 Rd7 30. Rb8+ Rd8 31. Rxd8+ Kxd8 32. Nhxf7+ Ke7 33. Nxh8
Nxh8 34. Nxe6 1-0

[Event "Open Marianske Lazne 2015 - C - open"]
[Site "Marianske Lazne CZE"]
[Date "2015.01.19"]
[Round "3.19"]
[White "Tejaswini, Sagar"]
[Black "Froehlich, Manuel"]
[Result "1-0"]
[WhiteElo "1992"]
[BlackElo "1689"]
[PlyCount "63"]
[EventDate "2015.01.17"]
[EventType "swiss"]
[EventRounds "9"]
[EventCountry "CZE"]
[Source "lmi"]
[SourceDate "2015.01.17"]

1. e4 c5 2. Nf3 Nc6 3. d4 cxd4 4. Nxd4 e5 5. Nb5 a6 6. Nd6+ Bxd6 7. Qxd6 Qe7 8.
Qd1 d6 9. Nc3 Be6 10. Be3 Nf6 11. f3 O-O 12. Qd2 Rfd8 13. Qf2 d5 14. Bc5 Qe8
15. exd5 Bxd5 16. Nxd5 Rxd5 17. Bc4 Rd7 18. O-O Rc8 19. Rfe1 b5 20. Bd3 Rd5 21.
a4 Nb8 22. b4 bxa4 23. Bf5 Rc6 24. c4 Rd8 25. b5 axb5 26. cxb5 Rxc5 27. Qxc5
Rd5 28. Qc7 Rxb5 29. Rab1 Rxb1 30. Rxb1 Nfd7 31. Bxd7 Nxd7 32. Qxd7 1-0

[Event "Open Marianske Lazne 2015 - C - open"]
[Site "Marianske Lazne CZE"]
[Date "2015.01.19"]
[Round "3.20"]
[White "Hoke, Petr"]
[Black "Lipski, Lukasz"]
[Result "1-0"]
[WhiteElo "1948"]
[BlackElo "1633"]
[PlyCount "52"]
[EventDate "2015.01.17"]
[EventType "swiss"]
[EventRounds "9"]
[EventCountry "CZE"]
[Source "lmi"]
[SourceDate "2015.01.17"]

1. e4 c6 2. c3 d5 3. d3 dxe4 4. dxe4 Qxd1+ 5. Kxd1 Nf6 6. f3 Nbd7 7. Be3 g6 8.
Nd2 Bg7 9. Kc2 b6 10. Rd1 O-O 11. Ne2 Ba6 12. Nd4 Bxf1 13. Rhxf1 c5 14. Nc6 e6
15. Nc4 Rfe8 16. Nd6 Rf8 17. Rd2 Nb8 18. Ne7+ Kh8 19. Bg5 h6 20. Bh4 g5 21. Bg3
Nfd7 22. Nb5 Re8 23. Nc7 Rxe7 24. Nxa8 Na6 25. Rfd1 Ne5 26. Bxe5 Bxe5 1-0

[Event "Open Marianske Lazne 2015 - C - open"]
[Site "Marianske Lazne CZE"]
[Date "2015.01.19"]
[Round "3.21"]
[White "Horyna, Josef"]
[Black "Voith, Walter"]
[Result "1-0"]
[WhiteElo "1866"]
[BlackElo "1613"]
[PlyCount "46"]
[EventDate "2015.01.17"]
[EventType "swiss"]
[EventRounds "9"]
[EventCountry "CZE"]
[Source "lmi"]
[SourceDate "2015.01.17"]

1. c4 c6 2. Nc3 Nf6 3. e4 e5 4. Nf3 Qc7 5. Be2 d6 6. O-O Be7 7. d4 Bg4 8. h3
Bh5 9. Be3 Nbd7 10. Rc1 a6 11. Re1 O-O 12. g4 Bg6 13. Bd3 Rad8 14. Nh4 Nxe4 15.
Nxg6 fxg6 16. Nxe4 Bh4 17. Bg5 Bxg5 18. Nxg5 Rf6 19. Qb3 c5 20. Be4 Nb6 21. d5
Re8 22. Ne6 Rexe6 23. dxe6 Rxe6 1-0

[Event "Open Marianske Lazne 2015 - C - open"]
[Site "Marianske Lazne CZE"]
[Date "2015.01.19"]
[Round "3.22"]
[White "De Graaf, Arnoud"]
[Black "Luczak, Filip"]
[Result "1-0"]
[WhiteElo "1855"]
[BlackElo "1535"]
[PlyCount "81"]
[EventDate "2015.01.17"]
[EventType "swiss"]
[EventRounds "9"]
[EventCountry "CZE"]
[Source "lmi"]
[SourceDate "2015.01.17"]

1. Nf3 Nf6 2. c4 e6 3. d4 b6 4. g3 Bb7 5. Bg2 Be7 6. O-O O-O 7. Nc3 d6 8. Qc2
e5 9. d5 Nbd7 10. e4 a5 11. h3 Nc5 12. Ne1 Ba6 13. b3 Qe8 14. Be3 c6 15. dxc6
Qxc6 16. f4 Rac8 17. fxe5 dxe5 18. Nd5 Nxd5 19. exd5 Qd7 20. Nf3 Bf6 21. Rae1
e4 22. Nd2 Nd3 23. Re2 b5 24. Rxf6 gxf6 25. Nxe4 Qd8 26. Qxd3 bxc4 27. Qd4 cxb3
28. Nxf6+ Kh8 29. Rf2 Rc4 30. Qe5 Qb8 31. Qh5 Rc1+ 32. Bxc1 Bd3 33. Bb2 bxa2
34. Qe5 Qxe5 35. Bxe5 Rc8 36. Rxa2 Rc1+ 37. Kh2 Re1 38. Bd4 Bc4 39. Rxa5 Bxd5
40. Nxd5+ f6 41. Ra7 1-0

[Event "Open Marianske Lazne 2015 - C - open"]
[Site "Marianske Lazne CZE"]
[Date "2015.01.19"]
[Round "3.24"]
[White "Lichii, Elizaveta"]
[Black "Saurabh, Sabale"]
[Result "1-0"]
[WhiteElo "1642"]
[BlackElo "1470"]
[PlyCount "59"]
[EventDate "2015.01.17"]
[EventType "swiss"]
[EventRounds "9"]
[EventCountry "CZE"]
[Source "lmi"]
[SourceDate "2015.01.17"]

1. e4 d5 2. exd5 Qxd5 3. Nc3 Qd6 4. d4 Nf6 5. h3 g6 6. Nf3 c6 7. Bd3 Bg7 8. O-O
O-O 9. Re1 e6 10. Bf1 Nbd7 11. Bg5 b5 12. a3 Bb7 13. Qd2 Rfe8 14. Bf4 Qe7 15.
Rad1 Nb6 16. Bg5 Qc7 17. Qc1 a6 18. Bxf6 Bxf6 19. Ne4 Be7 20. Nc5 Rad8 21. b4
Nd7 22. Nxb7 Qxb7 23. c4 Nb6 24. c5 Nd5 25. Qb2 Bf6 26. Ne5 Ne7 27. Qb3 Nf5 28.
Qf3 Bg7 29. Nxc6 Qc7 30. Nxd8 1-0

[Event "Open Marianske Lazne 2015 - C - open"]
[Site "Marianske Lazne CZE"]
[Date "2015.01.19"]
[Round "3.25"]
[White "Wolaniecki, Patryk"]
[Black "Szewc, Dobromila"]
[Result "1-0"]
[WhiteElo "1473"]
[BlackElo "1013"]
[PlyCount "71"]
[EventDate "2015.01.17"]
[EventType "swiss"]
[EventRounds "9"]
[EventCountry "CZE"]
[Source "lmi"]
[SourceDate "2015.01.17"]

1. e4 e5 2. Nf3 Nc6 3. d4 exd4 4. Nxd4 Bc5 5. Be3 Qf6 6. c3 Nge7 7. Bc4 d6 8.
O-O Qg6 9. Nd2 Bg4 10. f3 Bh3 11. Qe2 h5 12. Kh1 Bd7 13. h3 d5 14. exd5 Nxd4
15. Bxd4 Bd6 16. Ne4 Bf4 17. Rae1 O-O-O 18. Bxa7 f5 19. g3 Be5 20. f4 Bxf4 21.
Rxf4 fxe4 22. Qxe4 Qxg3 23. Rf3 Qd6 24. Qxe7 Qxe7 25. Rxe7 Rhg8 26. d6 cxd6 27.
Bxg8 Bc6 28. Be6+ Bd7 29. Bxd7+ Rxd7 30. Rf8+ Rd8 31. Rff7 Rh8 32. Rc7+ Kd8 33.
Bb6 d5 34. Rxb7+ Kc8 35. Rfc7+ Kd8 36. Rb8# 1-0

[Event "Open Marianske Lazne 2015 - C - open"]
[Site "Marianske Lazne CZE"]
[Date "2015.01.20"]
[Round "4.1"]
[White "Moncayo Romero, Evelyn"]
[Black "Ivanov, Mikhail M"]
[Result "0-1"]
[WhiteElo "2101"]
[BlackElo "2394"]
[PlyCount "101"]
[EventDate "2015.01.17"]
[EventType "swiss"]
[EventRounds "9"]
[EventCountry "CZE"]
[Source "lmi"]
[SourceDate "2015.01.17"]

1. e4 g6 2. d4 Bg7 3. Nc3 d6 4. Bd3 c5 5. dxc5 dxc5 6. Bf4 Nc6 7. Nf3 Nf6 8.
O-O O-O 9. h3 Nd7 10. Qe2 Nd4 11. Nxd4 cxd4 12. Nb1 e5 13. Bh2 Nc5 14. Bc4 a6
15. Rd1 Qg5 16. Kh1 Be6 17. Bxe6 Nxe6 18. Nd2 Rac8 19. Nf3 Qh5 20. a4 f6 21. c3
dxc3 22. bxc3 g5 23. Rd7 Rf7 24. Rad1 Rxd7 25. Rxd7 Qe8 26. Rxb7 Qxa4 27. Rb6
Nc5 28. Nd2 Qa1+ 29. Bg1 Qxc3 30. f3 a5 31. Nb1 Qc1 32. Kh2 Nd7 33. Qa2+ Qc4
34. Qxc4+ Rxc4 35. Ra6 a4 36. Rd6 Rc1 37. Rxd7 Rxb1 38. Ra7 Ra1 39. Bc5 h5 40.
Kg3 Ra2 41. h4 Bh6 42. Bb4 g4 43. fxg4 Bf4+ 44. Kh3 Rb2 45. Be1 Re2 46. gxh5
Rxe1 47. Rxa4 f5 48. Ra8+ Kh7 49. g3 Re3 50. Ra7+ Kh6 51. Ra6+ 0-1

[Event "Open Marianske Lazne 2015 - C - open"]
[Site "Marianske Lazne CZE"]
[Date "2015.01.20"]
[Round "4.2"]
[White "Strebkovs, Andrejs"]
[Black "German, Nikita"]
[Result "1-0"]
[WhiteElo "2335"]
[BlackElo "1935"]
[PlyCount "117"]
[EventDate "2015.01.17"]
[EventType "swiss"]
[EventRounds "9"]
[EventCountry "CZE"]
[Source "lmi"]
[SourceDate "2015.01.17"]

1. d4 Nf6 2. c4 g6 3. f3 Bg7 4. e4 d6 5. Nc3 O-O 6. Be3 Nc6 7. Nge2 a6 8. Qd2
Rb8 9. Rc1 Bd7 10. Nd1 b5 11. c5 dxc5 12. Rxc5 Ne8 13. g3 Nd6 14. b3 e5 15. d5
Ne7 16. Qc1 Rb7 17. Bg2 f5 18. Nf2 b4 19. Nd3 fxe4 20. fxe4 Bg4 21. Rc2 Bxe2
22. Kxe2 Qc8 23. h3 Nb5 24. Nxb4 Nd4+ 25. Bxd4 exd4 26. Nxa6 Nxd5 27. exd5 Qf5
28. Kd1 Qd3+ 29. Qd2 Qxa6 30. d6 Ra7 31. dxc7 Qc8 32. Rf1 Rxf1+ 33. Bxf1 Rxc7
34. Rxc7 Qxc7 35. Qg5 Be5 36. Qh6 Qd6 37. Bc4+ Kh8 38. g4 Bf4 39. Qh4 Bg3 40.
Qg5 Bf4 41. Qd5 Qxd5 42. Bxd5 Kg7 43. Ke2 Kf6 44. Kd3 Ke5 45. Bg8 h5 46. b4
hxg4 47. hxg4 Bh6 48. Bh7 g5 49. Kc4 Kd6 50. a4 Kc7 51. a5 Bf8 52. b5 Kb7 53.
Be4+ Ka7 54. Kb3 Bc5 55. Ka4 Bd6 56. b6+ Ka6 57. Bd3+ Kb7 58. Kb5 Kb8 59. a6
1-0

[Event "Open Marianske Lazne 2015 - C - open"]
[Site "Marianske Lazne CZE"]
[Date "2015.01.20"]
[Round "4.3"]
[White "Shevchenko, Kirill"]
[Black "Malinovsky, Petr"]
[Result "1-0"]
[WhiteElo "2247"]
[BlackElo "2033"]
[PlyCount "81"]
[EventDate "2015.01.17"]
[EventType "swiss"]
[EventRounds "9"]
[EventCountry "CZE"]
[Source "lmi"]
[SourceDate "2015.01.17"]

1. e4 c5 2. Nf3 e6 3. d4 cxd4 4. Nxd4 Nf6 5. Nc3 Nc6 6. Ndb5 Bc5 7. Bf4 O-O 8.
Bc7 Qe7 9. Bd6 Bxd6 10. Qxd6 Ne8 11. Qxe7 Nxe7 12. O-O-O f5 13. Nd6 Nxd6 14.
Rxd6 fxe4 15. Nxe4 h6 16. g3 Nf5 17. Rd2 d5 18. Nc5 b6 19. Nd3 Nd6 20. Bh3 Nc4
21. Re2 e5 22. Bxc8 Raxc8 23. b3 e4 24. Nf4 Ne5 25. Nxd5 Rxf2 26. Ne7+ Kh7 27.
Rxf2 Nd3+ 28. Kd2 Nxf2 29. Nxc8 Nxh1 30. Nxa7 Kg6 31. Nc8 Kf5 32. Ke3 Kg4 33.
a4 h5 34. b4 Nxg3 35. hxg3 Kxg3 36. Ne7 g5 37. Nf5+ Kg2 38. a5 bxa5 39. bxa5 h4
40. a6 h3 41. a7 1-0

[Event "Open Marianske Lazne 2015 - C - open"]
[Site "Marianske Lazne CZE"]
[Date "2015.01.20"]
[Round "4.4"]
[White "Stigar, Petter"]
[Black "Millward, Kevin P"]
[Result "1/2-1/2"]
[WhiteElo "2213"]
[BlackElo "1964"]
[PlyCount "118"]
[EventDate "2015.01.17"]
[EventType "swiss"]
[EventRounds "9"]
[EventCountry "CZE"]
[Source "lmi"]
[SourceDate "2015.01.17"]

1. d4 d6 2. Nf3 g6 3. c4 Bg7 4. g3 e5 5. Nc3 Nc6 6. dxe5 Nxe5 7. Nxe5 Bxe5 8.
Bg2 Ne7 9. O-O O-O 10. Bg5 c6 11. Qd2 Be6 12. b3 Qa5 13. Bxe7 Bxc3 14. Qxd6
Rfd8 15. Bxd8 Rxd8 16. Qe7 Bxa1 17. Rxa1 Rd7 18. Qe8+ Kg7 19. Qb8 Qc3 20. Rf1
a5 21. h4 a4 22. Qf4 axb3 23. axb3 Qxb3 24. Qe5+ Kg8 25. c5 Rd1 26. Rxd1 Qxd1+
27. Kh2 Qd7 28. h5 h6 29. Qf6 Kh7 30. Be4 Bf5 31. hxg6+ Bxg6 32. Bxg6+ fxg6 33.
e4 h5 34. e5 Qg7 35. Qd6 Qf7 36. Kg1 Qf5 37. e6 Qb1+ 38. Kh2 Qf5 39. Qd7+ Kg8
40. Qc8+ Qf8 41. Qxb7 Qxf2+ 42. Kh3 Qf5+ 43. Kh2 Qf2+ 44. Kh3 Qf1+ 45. Kh2 Qe2+
46. Kg1 Qxe6 47. Qb8+ Kf7 48. Qc7+ Kf6 49. Qf4+ Ke7 50. Qc7+ Qd7 51. Qe5+ Kf7
52. Qf4+ Kg7 53. Qe5+ Kh7 54. Qd6 Qb7 55. Kh2 Kg7 56. Qe5+ Kf7 57. Qf4+ Kg7 58.
Qe5+ Kf7 59. Qf4+ Kg7 1/2-1/2

[Event "Open Marianske Lazne 2015 - C - open"]
[Site "Marianske Lazne CZE"]
[Date "2015.01.20"]
[Round "4.5"]
[White "Kulas, Szymon"]
[Black "Nguyen, Thai Dai Van"]
[Result "1/2-1/2"]
[WhiteElo "2015"]
[BlackElo "2212"]
[PlyCount "83"]
[EventDate "2015.01.17"]
[EventType "swiss"]
[EventRounds "9"]
[EventCountry "CZE"]
[Source "lmi"]
[SourceDate "2015.01.17"]

1. c4 e5 2. Nc3 Nf6 3. g3 d5 4. cxd5 Nxd5 5. Bg2 Nb6 6. Nf3 Nc6 7. O-O Be7 8.
a3 O-O 9. b4 Be6 10. Rb1 f6 11. d3 a5 12. b5 Nd4 13. Nd2 Rb8 14. e3 Nf5 15.
Nde4 Nh6 16. d4 Nd7 17. d5 Bg4 18. f3 Bf5 19. b6 Bxe4 20. Nxe4 Nf7 21. bxc7
Qxc7 22. Rf2 Nd6 23. Rc2 Qd8 24. Nxd6 Bxd6 25. a4 f5 26. f4 exf4 27. exf4 Nc5
28. Qd4 Qe7 29. Ba3 b6 30. Bf3 Rfe8 31. Re2 Qd7 32. Kg2 Rxe2+ 33. Bxe2 Qe7 34.
Bf3 h6 35. Rb2 Qd7 36. Re2 Re8 37. Bxc5 bxc5 38. Qc4 Rxe2+ 39. Qxe2 Kh7 40. Qc2
g6 41. h4 h5 42. Qc4 1/2-1/2

[Event "Open Marianske Lazne 2015 - C - open"]
[Site "Marianske Lazne CZE"]
[Date "2015.01.20"]
[Round "4.6"]
[White "Nowak, Kamil"]
[Black "Golcman, Evgeny"]
[Result "1/2-1/2"]
[WhiteElo "1892"]
[BlackElo "2117"]
[PlyCount "103"]
[EventDate "2015.01.17"]
[EventType "swiss"]
[EventRounds "9"]
[EventCountry "CZE"]
[Source "lmi"]
[SourceDate "2015.01.17"]

1. e4 e5 2. Nf3 Nc6 3. Bb5 Nd4 4. Bc4 Nxf3+ 5. Qxf3 Qf6 6. Qg3 d6 7. Nc3 c6 8.
d3 Qg6 9. Qxg6 hxg6 10. a4 Be7 11. O-O g5 12. b4 g4 13. b5 Nf6 14. Rb1 O-O 15.
Bg5 Bd8 16. bxc6 bxc6 17. Rb2 Bb6 18. Be3 Nd7 19. Rfb1 Nc5 20. Bxc5 Bxc5 21.
Rb8 Bd7 22. Rxa8 Rxa8 23. Rb7 Rd8 24. Nd1 Kf8 25. Ne3 g6 26. g3 f5 27. exf5
gxf5 28. Bb3 d5 29. Kg2 f4 30. gxf4 exf4 31. Nf1 Ke7 32. c3 a5 33. d4 Ba3 34.
Bc2 Kd6 35. Rb3 Bc1 36. Rb1 f3+ 37. Kg1 Bf4 38. Ng3 Bd2 39. c4 Re8 40. Kf1 Bc3
41. cxd5 cxd5 42. Nf5+ Kc7 43. Bd3 Bd2 44. Rd1 Bf4 45. Rb1 Bxh2 46. Rc1+ Kd8
47. Rc5 Bxf5 48. Bxf5 g3 49. Rc8+ Ke7 50. Rxe8+ Kxe8 51. fxg3 Bxg3 52. Be6
1/2-1/2

[Event "Open Marianske Lazne 2015 - C - open"]
[Site "Marianske Lazne CZE"]
[Date "2015.01.20"]
[Round "4.7"]
[White "Kolbus, Dietmar"]
[Black "Polak, Jiri"]
[Result "1-0"]
[WhiteElo "2319"]
[BlackElo "1893"]
[PlyCount "27"]
[EventDate "2015.01.17"]
[EventType "swiss"]
[EventRounds "9"]
[EventCountry "CZE"]
[Source "lmi"]
[SourceDate "2015.01.17"]

1. c4 Nf6 2. Nc3 d5 3. cxd5 Nxd5 4. Nf3 g6 5. Qa4+ Nc6 6. Ne5 Nxc3 7. bxc3 Bd7
8. Nxd7 Qxd7 9. Rb1 b6 10. g3 Rd8 11. Bg2 Na5 12. Rb5 Nb7 13. Bxb7 c6 14. Rxb6
1-0

[Event "Open Marianske Lazne 2015 - C - open"]
[Site "Marianske Lazne CZE"]
[Date "2015.01.20"]
[Round "4.8"]
[White "Antolak, Julia"]
[Black "Gasthofer, Viktor"]
[Result "1/2-1/2"]
[WhiteElo "1964"]
[BlackElo "2323"]
[PlyCount "54"]
[EventDate "2015.01.17"]
[EventType "swiss"]
[EventRounds "9"]
[EventCountry "CZE"]
[Source "lmi"]
[SourceDate "2015.01.17"]

1. e4 e6 2. d4 d5 3. Nd2 c5 4. exd5 Qxd5 5. Ngf3 cxd4 6. Bc4 Qd8 7. O-O Nc6 8.
Nb3 Nf6 9. Nbxd4 Nxd4 10. Qxd4 Qxd4 11. Nxd4 a6 12. a4 Bd7 13. h3 Rc8 14. Bb3
Bc5 15. Be3 O-O 16. c3 Rfd8 17. Nc2 Bxe3 18. Nxe3 Bc6 19. Rfd1 Kf8 20. Kf1 Ke7
21. Ke2 h6 22. Rxd8 Rxd8 23. Rd1 Rxd1 24. Bxd1 Ne4 25. f3 Nd6 26. Bc2 g5 27. c4
f5 1/2-1/2

[Event "Open Marianske Lazne 2015 - C - open"]
[Site "Marianske Lazne CZE"]
[Date "2015.01.20"]
[Round "4.9"]
[White "Dmochowska, Agnieszka"]
[Black "Janik, Igor"]
[Result "0-1"]
[WhiteElo "1913"]
[BlackElo "2197"]
[PlyCount "80"]
[EventDate "2015.01.17"]
[EventType "swiss"]
[EventRounds "9"]
[EventCountry "CZE"]
[Source "lmi"]
[SourceDate "2015.01.17"]

1. e4 c5 2. c3 d5 3. exd5 Qxd5 4. d4 Nc6 5. Nf3 Bf5 6. Be3 Nf6 7. Na3 cxd4 8.
Bc4 Qe4 9. Bxf7+ Kd8 10. Nxd4 Nxd4 11. Qxd4+ Qxd4 12. Bxd4 e6 13. Nc4 Ke7 14.
Bxf6+ gxf6 15. Bh5 Be4 16. Ne3 Bh6 17. Ng4 Bf4 18. Rg1 Rhg8 19. g3 Rg5 20. gxf4
Rxh5 21. O-O-O Bc6 22. Rd3 Rg8 23. Rgg3 Rg6 24. h3 Rh4 25. Rde3 Kf7 26. Kd2 h5
27. Nh2 Rxg3 28. Rxg3 Rxf4 29. Ke2 e5 30. b3 a5 31. Nf1 Re4+ 32. Re3 Rh4 33.
Rg3 a4 34. Ne3 axb3 35. axb3 Bd7 36. Nc4 Bb5 37. Kd3 Rf4 38. f3 h4 39. Rg4
Bxc4+ 40. bxc4 Rxf3+ 0-1

[Event "Open Marianske Lazne 2015 - C - open"]
[Site "Marianske Lazne CZE"]
[Date "2015.01.20"]
[Round "4.10"]
[White "Volodin, Viktor"]
[Black "Tejaswini, Sagar"]
[Result "1/2-1/2"]
[WhiteElo "2186"]
[BlackElo "1992"]
[PlyCount "29"]
[EventDate "2015.01.17"]
[EventType "swiss"]
[EventRounds "9"]
[EventCountry "CZE"]
[Source "lmi"]
[SourceDate "2015.01.17"]

1. Nf3 Nf6 2. c4 g6 3. d4 Bg7 4. g3 O-O 5. Bg2 d6 6. O-O c5 7. Nc3 Nc6 8. d5
Na5 9. Nd2 a6 10. Qc2 Rb8 11. b3 b5 12. Bb2 e5 13. e4 Bh6 14. f4 exf4 15. gxf4
1/2-1/2

[Event "Open Marianske Lazne 2015 - C - open"]
[Site "Marianske Lazne CZE"]
[Date "2015.01.20"]
[Round "4.11"]
[White "Simkin, Alexander"]
[Black "Johnsen, Gunnar"]
[Result "0-1"]
[WhiteElo "1844"]
[BlackElo "2150"]
[PlyCount "60"]
[EventDate "2015.01.17"]
[EventType "swiss"]
[EventRounds "9"]
[EventCountry "CZE"]
[Source "lmi"]
[SourceDate "2015.01.17"]

1. e4 e6 2. d4 d5 3. Nc3 Bb4 4. e5 Ne7 5. a3 Bxc3+ 6. bxc3 c5 7. Nf3 Nbc6 8.
Bd3 Qa5 9. Bd2 Bd7 10. O-O c4 11. Be2 f6 12. exf6 gxf6 13. Kh1 O-O-O 14. Re1
Ng6 15. Bf1 h5 16. h4 Nce7 17. g3 Nf5 18. Bh3 Nd6 19. Bxe6 Bxe6 20. Rxe6 Ne4
21. Qe1 Rde8 22. Rxe8+ Rxe8 23. Kg2 Qa4 24. Qd1 Qd7 25. Ng1 Rg8 26. Kf1 Qf5 27.
Bf4 Nxf4 28. gxf4 Qxf4 29. Nh3 Qxh4 30. Qf3 Nd2+ 0-1

[Event "Open Marianske Lazne 2015 - C - open"]
[Site "Marianske Lazne CZE"]
[Date "2015.01.20"]
[Round "4.12"]
[White "Kirsanova, Ekaterina"]
[Black "Anjali, Sagar"]
[Result "1-0"]
[WhiteElo "2129"]
[BlackElo "1873"]
[PlyCount "59"]
[EventDate "2015.01.17"]
[EventType "swiss"]
[EventRounds "9"]
[EventCountry "CZE"]
[Source "lmi"]
[SourceDate "2015.01.17"]

1. c4 Nf6 2. Nf3 g6 3. g3 Bg7 4. Bg2 O-O 5. O-O d6 6. Nc3 e5 7. d3 Re8 8. Rb1
h6 9. Qc2 Nc6 10. b4 Bg4 11. e3 e4 12. Nxe4 Nxe4 13. dxe4 Rxe4 14. b5 Ne7 15.
Nd4 Re5 16. Bxb7 d5 17. Bxa8 Qxa8 18. c5 Rh5 19. f3 Bh3 20. Re1 Nf5 21. Qf2 Qc8
22. Bd2 Be5 23. Nc6 Bf6 24. Rbc1 Nh4 25. gxh4 Bxh4 26. Qxh4 Qe6 27. Qd8+ Kh7
28. Re2 Rg5+ 29. Kh1 Qf5 30. Qg8+ 1-0

[Event "Open Marianske Lazne 2015 - C - open"]
[Site "Marianske Lazne CZE"]
[Date "2015.01.20"]
[Round "4.13"]
[White "Lukasiewicz, Anna"]
[Black "De Graaf, Arnoud"]
[Result "1-0"]
[WhiteElo "2102"]
[BlackElo "1855"]
[PlyCount "58"]
[EventDate "2015.01.17"]
[EventType "swiss"]
[EventRounds "9"]
[EventCountry "CZE"]
[Source "lmi"]
[SourceDate "2015.01.17"]

1. e4 d6 2. d4 Nf6 3. Bd3 c6 4. c3 Nbd7 5. f4 e5 6. Nf3 Qe7 7. fxe5 dxe5 8. O-O
g6 9. Bg5 Bg7 10. Nbd2 O-O 11. Nc4 b5 12. Ncxe5 Nxe5 13. Nxe5 Qe6 14. Bc2 c5
15. Bxf6 Bxf6 16. Nf3 Qb6 17. e5 Bg7 18. Kh1 Bg4 19. Bb3 c4 20. Bc2 a5 21. Qe1
Bxf3 22. Rxf3 Rae8 23. Qf2 Re7 24. Rf1 Qc7 25. a3 a4 26. Qh4 Qd7 27. Rh3 h6 28.
Rhf3 Qe6 29. Be4 Qb6 1-0

[Event "Open Marianske Lazne 2015 - C - open"]
[Site "Marianske Lazne CZE"]
[Date "2015.01.20"]
[Round "4.14"]
[White "Jiruse, Josef"]
[Black "Horyna, Josef"]
[Result "1-0"]
[WhiteElo "2045"]
[BlackElo "1866"]
[PlyCount "35"]
[EventDate "2015.01.17"]
[EventType "swiss"]
[EventRounds "9"]
[EventCountry "CZE"]
[Source "lmi"]
[SourceDate "2015.01.17"]

1. e4 e5 2. f4 d5 3. exd5 exf4 4. Nf3 Qxd5 5. Nc3 Qd8 6. Bc4 Be6 7. Qe2 Bd6 8.
Bxe6 fxe6 9. Qxe6+ Qe7 10. Qxe7+ Nxe7 11. Ne4 Kd7 12. d4 Rf8 13. O-O h6 14. c4
c6 15. Nxd6 Kxd6 16. b3 Na6 17. Ba3+ Kd7 18. Ne5+ 1-0

[Event "Open Marianske Lazne 2015 - C - open"]
[Site "Marianske Lazne CZE"]
[Date "2015.01.20"]
[Round "4.15"]
[White "Dadello, Aleksandra"]
[Black "Jennewein, Norbert"]
[Result "1/2-1/2"]
[WhiteElo "2032"]
[BlackElo "1851"]
[PlyCount "64"]
[EventDate "2015.01.17"]
[EventType "swiss"]
[EventRounds "9"]
[EventCountry "CZE"]
[Source "lmi"]
[SourceDate "2015.01.17"]

1. e4 d5 2. exd5 Qxd5 3. Nc3 Qd8 4. d4 Nf6 5. Nf3 c6 6. g3 Bf5 7. Bg2 h6 8. O-O
e6 9. Bf4 Be7 10. Ne5 O-O 11. a4 Na6 12. Re1 Nb4 13. Ne4 Nxe4 14. Bxe4 Bxe4 15.
Rxe4 Nd5 16. c4 Nf6 17. Re2 Qa5 18. Qb3 Qb4 19. Qxb4 Bxb4 20. Bd2 Bxd2 21. Rxd2
Rfd8 22. Rad1 Kf8 23. Rd3 Nd7 24. Kf1 Nxe5 25. dxe5 Rxd3 26. Rxd3 Ke7 27. Ke2
c5 28. Rb3 b6 29. a5 Rb8 30. axb6 axb6 31. Ra3 Rb7 32. f4 b5 1/2-1/2

[Event "Open Marianske Lazne 2015 - C - open"]
[Site "Marianske Lazne CZE"]
[Date "2015.01.20"]
[Round "4.16"]
[White "Janska, Jitka"]
[Black "Berka, Lubos"]
[Result "1-0"]
[WhiteElo "2021"]
[BlackElo "1724"]
[PlyCount "47"]
[EventDate "2015.01.17"]
[EventType "swiss"]
[EventRounds "9"]
[EventCountry "CZE"]
[Source "lmi"]
[SourceDate "2015.01.17"]

1. e4 c6 2. d4 d5 3. exd5 cxd5 4. c4 Nf6 5. Nc3 Nc6 6. Bg5 Qa5 7. Bxf6 exf6 8.
cxd5 Bb4 9. Qf3 Ne7 10. O-O-O a6 11. Bc4 O-O 12. Nge2 Nf5 13. Bd3 Bxc3 14. Nxc3
Nd6 15. Qg3 Rd8 16. Rhe1 Nf5 17. Qf4 g6 18. h3 Ng7 19. Qxf6 Bd7 20. Re7 Be8 21.
Rxb7 Rac8 22. Qxa6 Rxc3+ 23. bxc3 Qxc3+ 24. Kb1 1-0

[Event "Open Marianske Lazne 2015 - C - open"]
[Site "Marianske Lazne CZE"]
[Date "2015.01.20"]
[Round "4.17"]
[White "Mc Aleenan, Charles"]
[Black "Paldus, Petr"]
[Result "0-1"]
[WhiteElo "1795"]
[BlackElo "2016"]
[PlyCount "86"]
[EventDate "2015.01.17"]
[EventType "swiss"]
[EventRounds "9"]
[EventCountry "CZE"]
[Source "lmi"]
[SourceDate "2015.01.17"]

1. d4 Nf6 2. Bf4 g6 3. e3 Bg7 4. Nf3 O-O 5. Be2 b6 6. O-O Nh5 7. Bg5 h6 8. Bh4
g5 9. Nfd2 Nf6 10. Bg3 Bb7 11. Bf3 d5 12. c4 Ne4 13. cxd5 Nxg3 14. hxg3 Bxd5
15. Nc3 Bxf3 16. Qxf3 Nd7 17. Nc4 e6 18. Rac1 c5 19. dxc5 Nxc5 20. Rfd1 Qe7 21.
b4 Na6 22. b5 Nc5 23. Ne2 Rad8 24. Nd4 Qc7 25. Nc6 Rxd1+ 26. Rxd1 a6 27. a4
Nxa4 28. bxa6 g4 29. Qxg4 Qxc6 30. Ne5 Qb5 31. Nd7 Ra8 32. Nf6+ Kh8 33. Nh5 Qg5
34. Qf3 Rc8 35. Nxg7 Kxg7 36. Qe2 b5 37. Rd4 h5 38. Rh4 Nc3 39. Qc2 Qf6 40. Rf4
Qe5 41. Qd2 Rc6 42. Rd4 Nd5 43. Qb2 Nf6 0-1